Estadísticas para Campeones de la Eurocopa

Haz click aquí para intentar la prueba.

Estadísticas generales

  • Esta prueba ha sido intentada 4.190 veces
    (1.842 desde el último reinicio)
  • La puntuación promedio es 12 de 16

Estadísticas de respuestas

AñoCampeónSegundo lugar% Correcto
2020ItaliaInglaterra
98%
2012EspañaItalia
97%
2016PortugalFrancia
96%
2008EspañaAlemania
95%
2000FranciaItalia
86%
2004GreciaPortugal
85%
1996AlemaniaRepública Checa
83%
1980AlemaniaBélgica
68%
1984FranciaEspaña
66%
1964EspañaUnión Soviética
64%
1972AlemaniaUnión Soviética
61%
1992DinamarcaAlemania
60%
1968ItaliaYugoslavia
59%
1988Países BajosUnión Soviética
59%
1960Unión SoviéticaYugoslavia
56%
1976ChecoslovaquiaAlemania
39%

Distribución de puntuación

Porcentaje por número respondido

Porcentaje de gente con cada puntuación

Historial de tus puntuaciones

No has intentado esta prueba desde el último reinicio